PRECLINICAL ASPECTS OF ISCHEMIC STROKE (Record no. 14864)

MARC details
000 -LEADER
fixed length control field 00264nam a22001217a 4500
003 - CONTROL NUMBER IDENTIFIER
control field SGT
082 ## - DEWEY DECIMAL CLASSIFICATION NUMBER
Classification number 616.89
Item number P15D
100 ## - MAIN ENTRY--PERSONAL NAME
Personal name DEARER, ROBIN
245 ## - TITLE STATEMENT
Title PRECLINICAL ASPECTS OF ISCHEMIC STROKE
260 ## - PUBLICATION, DISTRIBUTION, ETC. (IMPRINT)
Place of publication, distribution, etc USA
Name of publisher, distributor, etc LAGE
Year of Publication 2015
300 ## - PAGE DESCRIPTION
No. of Pages 232
942 ## - ADDED ENTRY ELEMENTS (KOHA)
Source of classification or shelving scheme Dewey Decimal Classification
Koha item type Books
Holdings
Withdrawn status Lost status Source of classification or shelving scheme Damaged status Not for loan Collection code Home library Current library Shelving location Date acquired Vendor Name SGTU Full call number Accession No. (Barcode) Date last seen Bill Date Koha item type
    Dewey Decimal Classification   Not For Loan MEDICAL SGT Medical Library SGT Medical Library Reference Book 30/01/2018 ABC SGTU 616.89 P15D FM9730 30/01/2018 30/01/2018 Books